Click on the correct French translation - The Animals - Statistics

General Stats
  • This quiz has been taken 132 times
  • The average score is 22 of 31
Answer Stats
Hint Answer % Correct
Cat Chat
93%
Lion Lion
93%
Fish Poisson
92%
Penguin Pingouin
89%
Pigeon Pigeon
87%
Butterfly Papillon
86%
Rat Rat
83%
Dog Chien
81%
Snail Escargot
81%
Wolf Loup
81%
Chicken Poule
80%
Spider Araignée
79%
Parrot Perroquet
79%
Bird Oiseau
76%
Cow Vache
76%
Rabbit Lapin
75%
Sheep Mouton
74%
Pig Cochon
71%
Goat Chèvre
70%
Bear Ours
70%
Whale Baleine
67%
Frog Grenouille
65%
Fox Renard
60%
Mouse Souris
59%
Squirrel Ecureuil
58%
Ant Fourmi
58%
Shrimp Crevette
57%
Monkey Singe
56%
Fly Mouche
54%
Turkey Dinde
50%
Octopus Pieuvre
49%
No matching quizzes found
Score Distribution
Percent of People with Each Score
Percentile by Number Answered
Your Score History
You have not taken this quiz